000 00807nam a2200277Ia 4500
003 OSt
005 20221006141904.0
006 a|||||r|||| 00| 0
007 ta
008 221006b |||||||| |||| 00| 0 eng d
020 _c100.00
024 _a4,576
037 _cTextual
040 _aEASL
_cEASL
_beng
041 _2eng
_aeng
082 _a2y7M63, K9
100 _aBASU Sankari Prasad
245 0 _aVivekananda in Indian newspapers, 1893-1902
_b Extracts from twenty-two newspapers and periodicals
260 _aCalcutta
_bBookland Private Limited India
_c1969
300 _a735p.
_ccm.
490 _v RR
650 _aGen
700 _a GHOSH Sunil Bihari
_9646458
942 _h2y7M63, K9
_cTEXL
_2CC
999 _c1072662
_d1072662